• 首页
  • 本馆介绍
  • 公告通知
  • 最新文献
  • 馆藏检索
  • 电子资源
  • 读者导购
  • 参考咨询
  • 我的图书馆
  • 登录
  • 详细信息显示
  • 放入我的书架
  • 预约/预借图书
  • 作者相关作品
  • 分类相关作品
  • 丛书相关作品
  • 出版社相关作品

书目信息

  • 表格格式
  • 工作单格式
  • 卡片格式
题名:
成形车刀的设计与制造
    
 
作者: 叶伟昌 编著
分册:  
出版信息: 北京   中国农业机械出版社  1983.11
页数: 183页
开本: 26cm
丛书名:
单 册:
中图分类: TG712
科图分类:
主题词: 刀具(金属切削)
电子资源:
ISBN:
000 00523nam0 2200181 45
001 0312221749
005 20060522170206.10
010    @dCNY1.30
100    @a20031222d1983 km y0chiy0120 ea
101    @achi
200 1  @a成形车刀的设计与制造@ACheng Xing Che Dao De She Ji Yu Zhi Zao@f叶伟昌编著@FYe Wei Chang Bian Zhu
210    @a北京@c中国农业机械出版社@d1983.11
215    @a183页@d26cm
606 0  @a刀具(金属切削)
690    @aTG712@v3
701 0  @a叶伟昌@4编著
801    @aCN@bTSTCL@c20060522
905    @a213230@dTG712@e1
    
    成形车刀的设计与制造/叶伟昌编著.-北京:中国农业机械出版社,1983.11
    183页;26cm
    
    
    ISBN :CNY1.30
    
●
相关链接 在E读中查询图书 在五车中查询图书 在当当中查询图书 在豆瓣中查询图书


正题名:成形车刀的设计与制造     索取号:TG712/1         预约/预借

序号 登录号 条形码 馆藏地/架位号 状态 备注
1 0117645   202325812   密集书库/ [索取号:TG712/1] 在馆    
2 0117646   202368721   密集书库/ [索取号:TG712/1] 在馆    
3 0117647   202368570   密集书库/ [索取号:TG712/1] 在馆    
唐山师范学院图书馆 欢迎您!
大连网信软件有限公司© 版权所有